| 000 | 00640nam a2200205 a 4500 | ||
|---|---|---|---|
| 020 | _a0886566290 | ||
| 040 | _cDLC | ||
| 082 | 0 | 0 | _a633 GRA 1995 C160 Or. |
| 100 | 1 | _aAbouguendia, Z. M. | |
| 245 | 1 | 0 | _aSeeded native range plants / |
| 260 |
_a[Saskatchewan] : _bGrazing and Pasture Technology Program and Extension Service, Saskatchewan Agriculture and Food, _c[1995] |
||
| 300 |
_a32 p. : _b1 map ; _c28 cm. |
||
| 500 | _aCover title. | ||
| 650 | 0 | _aRange plants | |
| 650 | 0 | _aNative plants for cultivation | |
| 650 | 0 | _aRange ecology | |
| 710 | 2 | _aGrazing & Pasture Technology Program. | |
| 710 | 1 | _aSaskatchewan. | |
| 942 | _cAEDBB | ||
| 999 |
_c19088 _d19088 |
||